Izrael Podmínky pro obchod a podnikání
Hospodárska situácia krajiny - inflácia, nezamestnanosť, nerastné zdroje, priemysel, poľnohospodárstvo, stavebníctvo, služby. Financie, mena, bankový systém. Politický vývoj krajiny. Zahraničný obchod. Vzťahy Izraela a ČR. Perspektívy pre české podniky.
Gespeichert in:
| 1. Verfasser: | |
|---|---|
| Format: | Buchkapitel |
| Sprache: | Tschechisch |
| Schlagworte: | |
| Tags: |
Keine Tags, Fügen Sie das erste Tag hinzu!
|
MARC
| LEADER | 00000naa a2200000 4500 | ||
|---|---|---|---|
| 001 | r021492 | ||
| 005 | 20230920092015.4 | ||
| 041 | 0 | |a cze | |
| 044 | |a CZ | ||
| 245 | 1 | 0 | |a Izrael |b Podmínky pro obchod a podnikání |c Ľ. Livoncová |
| 520 | |a Hospodárska situácia krajiny - inflácia, nezamestnanosť, nerastné zdroje, priemysel, poľnohospodárstvo, stavebníctvo, služby. Financie, mena, bankový systém. Politický vývoj krajiny. Zahraničný obchod. Vzťahy Izraela a ČR. Perspektívy pre české podniky. | ||
| 610 | 2 | 0 | |a situácia hospodárska |
| 610 | 2 | 0 | |a politika vnútorná |
| 610 | 2 | 0 | |a inflácia |
| 610 | 2 | 0 | |a nezamestnanosť |
| 610 | 2 | 0 | |a priemysel |
| 610 | 2 | 0 | |a poľnohospodárstvo |
| 610 | 2 | 0 | |a stavebníctvo |
| 610 | 2 | 0 | |a služby |
| 610 | 2 | 0 | |a financie |
| 610 | 2 | 0 | |a mena |
| 610 | 2 | 0 | |a bankovníctvo |
| 610 | 2 | 0 | |a obchod zahraničný |
| 610 | 2 | 0 | |a Izrael |
| 610 | 2 | 0 | |a Česko |
| 100 | 1 | |a Livoncová, Ľ. | |